000 00538nam a2200181Ia 4500
008 240729s9999 xx 000 0 und d
022 _a2661-3425
245 0 _aJournal of Clinical Rheumatology and Immunology
260 _aSingapore
260 _bWorld Scientific Publishing
650 _a Immunologic diseases. Allergy
650 _a Internal medicine
650 _a Specialties of internal medicine
650 _aMedicine
856 _uhttps://doaj.org/toc/b60a776fbddc4abb84d1851126b4d617
942 _2ddc
942 _cDOAJEJ
999 _c66097
_d66097
945 _a1
_bMadushi Gamage
_c1
_dMadushi Gamage